000
00218nam a2200085Ia 4500
008
120527s9999 xx 000 0 und d
100
_a
Alberto & Troutman
245
_a
Applied behaviour analysis for teachers
942
_c
BK
999
_c
27461
_d
27461